| 000 | 00729nam a2200193 i 4500 | ||
|---|---|---|---|
| 001 | 56489 | ||
| 003 | ES-MaACL | ||
| 005 | 20240215211646.0 | ||
| 007 | t| | ||
| 008 | 031009s1937 cu ||||1| spa d | ||
| 100 | 1 |
_aDihigo y Mestre, Juan Miguel. _944805 |
|
| 245 | 1 | 0 |
_aElogio del Dr. Mario García Kohly _b: (fundador de esta corporación) : leído en la sesión celebrada el día 8 de febrero de 1937 / _cpor Juan Miguel Dihigo y Mestre. |
| 260 |
_aHabana : _b[Academia de la Historia de Cuba, _c1937] ( _fImp. El Siglo XX) |
||
| 300 |
_a149 p. ; _c25 cm. |
||
| 600 | 1 | 4 |
_aGarcía Kohly, Mario, _d1871-1935 _954804 |
| 710 | 2 |
_aAcademia de la Historia de Cuba. _91183 |
|
| 852 |
_aES-MaACL _jA-4800 |
||
| 999 |
_c56489 _d56489 |
||